000 00392nam a22001337a 4500
040 _cNUST
082 _a200 THE
100 _aMUHAMMAD SHEHBAZ
_929341
110 _aDR MOJEEB BIN IHSAN
_991314
245 _aTH-SOF-0879-PERFORMANCE COMPARISON OF AND RING RESONATOR BASED OSCILLATORS
260 _aISLAMABAD:
_bNUST COLLEGE OF EME,
_c2014.
650 _aMS-ELECT-59
_991315
942 _2ddc
_cTHE
999 _c593081
_d593081